| 000 | 01165pam a2200349 a 4500 | ||
|---|---|---|---|
| 999 |
_c28672 _d28643 |
||
| 001 | 3277973 | ||
| 003 | EG-ScBUE | ||
| 005 | 20200907104221.0 | ||
| 008 | 820507t1983 nyua f b 001 0 eng d | ||
| 020 | _a0060426896 | ||
| 040 |
_aDLC _beng _erda _cDLC _dDLC _dEG-ScBUE |
||
| 082 | 0 | 4 |
_a658.87 _bHAS _222 |
| 100 | 1 |
_aHasty, Ronald W., _eauthor. |
|
| 245 | 1 | 0 |
_aRetailing / _cRonald W. Hasty, Colorado State University. |
| 250 | _aThird edition. | ||
| 264 | 1 |
_aNew York, NY : _bHarper & Row Publishers, Inc., _c[1983] |
|
| 264 | 4 | _cc1983 | |
| 300 |
_axix, 620 pages : _billustrations ; _c24 cm |
||
| 336 |
_2rdacontent _atext _btxt |
||
| 337 |
_2rdamedia _aunmediated _bn |
||
| 338 |
_2rdacarrier _avolume _bnc |
||
| 500 | _aRev. ed. of: Retailing / R. Ted Will and Ronald W. Hasty. c1977. | ||
| 500 | _aIncludes appendices. | ||
| 504 | _aIncludes bibliographical references and index. | ||
| 650 | 7 |
_aRetail trade _xManagement. _2BUEsh |
|
| 650 | 7 |
_aMiddle managers. _2BUEsh |
|
| 653 |
_bBUSADM _cAugust2020 |
||
| 655 |
_vReading book _934232 |
||
| 700 | 1 |
_aWill, R. Ted. _tRetailing. |
|
| 906 |
_a7 _bcbc _corignew _d1 _eocip _f19 _gy-gencatlg |
||
| 942 |
_2ddc _cBB |
||